ბათუმის შოთა რუსთაველის სახელმწიფო უნივერსიტეტის ბიბლიოთეკა

The Language of the Genes. Biology, History and the Evolutionary Future (ბიბ.ჩანაწერი № 46771)

000 -LEADER
fixed length control field 00589nam a2200229Ia 4500
001 - CONTROL NUMBER
control field 13615
003 - CONTROL NUMBER IDENTIFIER
control field GE_BSU
008 - FIXED-LENGTH DATA ELEMENTS--GENERAL INFORMATION
fixed length control field 181216s||||||||xx |||||||||||||| ||und||
020 ## - INTERNATIONAL STANDARD BOOK NUMBER
International Standard Book Number 0066546765
040 ## - CATALOGING SOURCE
Transcribing agency GE_BSU
080 ## - UNIVERSAL DECIMAL CLASSIFICATION NUMBER
Universal Decimal Classification number 575
100 ## - MAIN ENTRY--PERSONAL NAME
Personal name Jones,Steve
245 #4 - TITLE STATEMENT
Title The Language of the Genes. Biology, History and the Evolutionary Future
260 ## - PUBLICATION, DISTRIBUTION, ETC.
Place of publication, distribution, etc. London
260 ## - PUBLICATION, DISTRIBUTION, ETC.
Name of publisher, distributor, etc. Flamingo
260 ## - PUBLICATION, DISTRIBUTION, ETC.
Date of publication, distribution, etc. 1994
300 ## - PHYSICAL DESCRIPTION
Extent 347p.20cm.
653 ## - INDEX TERM--UNCONTROLLED
Uncontrolled term Biology,History and the Evolutionary Future
653 ## - INDEX TERM--UNCONTROLLED
Uncontrolled term The Language of the Genes
653 ## - INDEX TERM--UNCONTROLLED
Uncontrolled term ბიოლოგია
942 ## - ADDED ENTRY ELEMENTS (KOHA)
Koha item type წიგნი
ეგზემპლარები
Withdrawn status Lost status Damaged status Not for loan Date acquired Barcode Date last seen Price effective from Koha item type
        2018-12-17 37094 2018-12-17 2018-12-17 წიგნი